00913cam a22002773a 45000010005000000030006000050050017000110080041000280400015000690420007000840500007000910500007000981000049001052400024001542450069001782600029002475060030002765160009003066530034003156530038003497400021003878300028004088560041004369520141004779990017006181974PGUSA20230525153752.0991101s1999||||xxu|||||s|||||000 p eng d aPGUSAbeng adc 4aPN 4aPA1 aButcher, S. H. q (Samuel Henry),d1850-191010aPoetics. l English14aThe Poetics of Aristotleh[electronic resource] /cS. H. Butcher bProject Gutenberg,c1999 aPublic domain in the USA. aText aPoetry -- Early works to 1800 aAesthetics -- Early works to 18000 aPoetics. English 0aProject Gutenbergv197440uhttp://www.gutenberg.org/ebooks/1974 001040708Project GutenbergaCSPCbCSPCd2023-05-25l0oPNr2023-05-25 00:00:00uhttp://www.gutenberg.org/ebooks/1974w2023-05-25yEBK c15322d15322